000 00366nam a2200133Ia 4500
005 20260328104342.0
008 260328s9999||||xx |||||||||||||| ||und||
100 _aCalvo, Haraldo
245 0 _aEnsayos sobre la Historia Cartagena de Indias /
_cHaraldo Calvo
260 _bUniversidad Tecnológica de Bolívar
300 _a551 p.
650 _aTEORÍA
942 _cBK
999 _c12168
_d12168